00601cam a2200169 a 450000100100000000500170001000800410002704000250006808200210009310000330011424500460014726000490019330000210024265000290026395201240029299900150041600000255220200929150219.0850510s1945 mx 000 0 spa  aDO-SdBNPbspacBNPHU a347.01682bS718n1 a[Soto Armenta, Carlos]9804013aEl notariado y algunas reformas a su ley. aMéxico :bEscuela Libre de Derecho,c1945. a100 p. ;c23 cm. 4aNotarioszMéxico98041 001054708MOaGRbGRcCTd2010-03-23iLF1l0o347.01682 S718np2552-10r2020-06-25w2020-06-25y4ZPréstamo en sala c2388d2388